000 00730nam a2200241Ia 4500
008 191130s2010##################000#0#eng##
020 _a9781580088183
022 _a2010016234
040 _aACL
_cACL
082 _a641.5945 STO
100 _aStowell, Ethan
245 _aEthan Stowell's new Italian : bold cooking from the Pacific Northwest
_cEthan Stowell and Leslie Miller
250 _a1st ed
260 _aBerkeley, CA
_bTen Speed Press
_c2010
300 _aix, 228 p. : col. ill. ; 26 cm
500 _aIncludes index
650 _aCooking - Washington - Seattle
650 _aCooking, Italian
700 _aMiller, Leslie
990 _a771772f7ac10000c409a759e52fd0c9c
991 _a316054
999 _c177257
_d177257